[Event "Portugal Open 2018"]
[Site "Lisboa POR"]
[Date "2018.02.06"]
[Round "5.11"]
[White "Diermair, Andreas"]
[Black "Hill, Alistair"]
[Result "1-0"]
[BlackElo "2159"]
[WhiteElo "2495"]
[LiveChessVersion "1.4.8"]

1. d4 {[%clk 1:30:53]} Nf6 {[%clk 1:30:56]} 2. c4 {[%clk 1:31:21]} g6
{[%clk 1:31:23]} 3. Nc3 {[%clk 1:31:45]} d5 {[%clk 1:31:50]} 4. Nf3
{[%clk 1:32:08]} Bg7 {[%clk 1:32:17]} 5. h4 {[%clk 1:32:33]} c6 {[%clk 1:32:00]}
6. cxd5 {[%clk 1:32:48]} cxd5 {[%clk 1:32:25]} 7. Bf4 {[%clk 1:33:08]} O-O
{[%clk 1:32:21]} 8. e3 {[%clk 1:33:29]} Nc6 {[%clk 1:32:48]} 9. Qb3
{[%clk 1:33:50]} Na5 {[%clk 1:23:43]} 10. Qa3 {[%clk 1:32:36]} Bf5
{[%clk 1:22:42]} 11. Rc1 {[%clk 1:28:56]} a6 {[%clk 1:19:08]} 12. Ne5
{[%clk 1:21:22]} Rc8 {[%clk 1:16:50]} 13. Be2 {[%clk 1:17:42]} Ne4
{[%clk 1:10:55]} 14. g4 {[%clk 1:02:12]} Be6 {[%clk 1:08:42]} 15. f3
{[%clk 1:02:08]} Nd6 {[%clk 1:06:00]} 16. b3 {[%clk 1:01:26]} f6 {[%clk 0:57:23]}
17. Nd3 {[%clk 1:01:41]} Bf7 {[%clk 0:57:52]} 18. Bxd6 {[%clk 0:46:21]} exd6
{[%clk 0:58:18]} 19. f4 {[%clk 0:46:28]} Nc6 {[%clk 0:54:13]} 20. Nb4
{[%clk 0:41:45]} Qe7 {[%clk 0:45:03]} 21. Kf2 {[%clk 0:39:30]} Nxb4
{[%clk 0:42:45]} 22. Qxb4 {[%clk 0:37:26]} Rfe8 {[%clk 0:43:14]} 23. Rh3
{[%clk 0:37:49]} h5 {[%clk 0:32:45]} 24. gxh5 {[%clk 0:33:45]} gxh5
{[%clk 0:33:10]} 25. Rg3 {[%clk 0:32:30]} Kh8 {[%clk 0:33:34]} 26. Bd3
{[%clk 0:27:20]} Rg8 {[%clk 0:33:01]} 27. Bf5 {[%clk 0:24:17]} Rc7
{[%clk 0:31:05]} 28. Ne2 {[%clk 0:21:19]} Rxc1 {[%clk 0:27:39]} 29. Nxc1
{[%clk 0:21:46]} Bf8 {[%clk 0:28:07]} 30. Rxg8+ {[%clk 0:20:34]} Bxg8
{[%clk 0:28:35]} 31. Qc3 {[%clk 0:20:11]} Be6 {[%clk 0:27:54]} 32. Qc2
{[%clk 0:19:52]} Kg7 {[%clk 0:27:23]} 33. Ne2 {[%clk 0:19:59]} Bxf5
{[%clk 0:19:28]} 34. Qxf5 {[%clk 0:20:26]} Kh6 {[%clk 0:19:34]} 35. Qxd5
{[%clk 0:14:31]} Qg7 {[%clk 0:20:03]} 36. Qf5 {[%clk 0:12:48]} Qg6
{[%clk 0:19:54]} 37. Qc8 {[%clk 0:12:20]} Bg7 {[%clk 0:19:56]} 38. Ng3
{[%clk 0:10:16]} Qd3 {[%clk 0:20:04]} 39. Qc4 {[%clk 0:09:45]} Qb1
{[%clk 0:19:41]} 40. Qe2 {[%clk 0:10:02]} Qg6 {[%clk 0:19:59]} 41. f5
{[%clk 0:10:14]} Qg4 {[%clk 0:20:13]} 42. Qxg4 {[%clk 0:09:22]} hxg4
{[%clk 0:20:41]} 43. Ne4 {[%clk 0:09:06]} d5 {[%clk 0:20:44]} 44. Nc3
{[%clk 0:09:18]} Kh5 {[%clk 0:21:06]} 45. Kg3 {[%clk 0:09:40]} Bf8
{[%clk 0:21:35]} 46. Nxd5 {[%clk 0:10:01]} 1-0

[Event "Portugal Open 2018"]
[Site "Lisboa POR"]
[Date "2018.02.06"]
[Round "5.12"]
[White "Rocha, Sergio"]
[Black "Gabrielian, Artur"]
[Result "0-1"]
[BlackElo "2502"]
[WhiteElo "2371"]
[LiveChessVersion "1.4.8"]

1. d4 {[%clk 1:30:57]} Nf6 {[%clk 1:30:02]} 2. Nf3 {[%clk 1:31:21]} g6
{[%clk 1:30:10]} 3. c4 {[%clk 1:31:43]} Bg7 {[%clk 1:30:26]} 4. Nc3
{[%clk 1:32:06]} d5 {[%clk 1:28:25]} 5. cxd5 {[%clk 1:32:09]} Nxd5
{[%clk 1:28:50]} 6. e4 {[%clk 1:30:06]} Nxc3 {[%clk 1:29:16]} 7. bxc3
{[%clk 1:30:31]} c5 {[%clk 1:25:46]} 8. Be3 {[%clk 1:30:50]} Qa5 {[%clk 1:25:31]}
9. Qd2 {[%clk 1:31:12]} O-O {[%clk 1:25:23]} 10. Rc1 {[%clk 1:31:34]} Nd7
{[%clk 1:24:29]} 11. Bd3 {[%clk 1:29:54]} e5 {[%clk 1:24:48]} 12. d5
{[%clk 1:30:05]} f5 {[%clk 1:16:07]} 13. Bg5 {[%clk 1:24:38]} c4 {[%clk 0:47:55]}
14. Bxc4 {[%clk 1:21:08]} fxe4 {[%clk 0:47:04]} 15. Nh4 {[%clk 1:20:54]} Nf6
{[%clk 0:40:35]} 16. d6+ {[%clk 1:10:04]} Kh8 {[%clk 0:40:52]} 17. O-O
{[%clk 0:58:27]} Bd7 {[%clk 0:41:10]} 18. Qe3 {[%clk 0:53:03]} Rac8
{[%clk 0:32:31]} 19. Bb3 {[%clk 0:52:58]} Qc5 {[%clk 0:19:23]} 20. Qd2
{[%clk 0:39:53]} Rc6 {[%clk 0:15:13]} 21. Be3 {[%clk 0:36:38]} Qa3
{[%clk 0:15:35]} 22. Rcd1 {[%clk 0:35:54]} a5 {[%clk 0:14:04]} 23. f4
{[%clk 0:22:17]} exf4 {[%clk 0:13:16]} 24. Rxf4 {[%clk 0:20:49]} g5
{[%clk 0:12:33]} 25. Rxf6 {[%clk 0:17:17]} Bxf6 {[%clk 0:10:24]} 26. Bd4
{[%clk 0:14:31]} Qxd6 {[%clk 0:08:50]} 27. Bd5 {[%clk 0:12:56]} Bxd4+
{[%clk 0:04:59]} 28. Qxd4+ {[%clk 0:13:19]} Qf6 {[%clk 0:05:03]} 29. Bxc6
{[%clk 0:10:11]} Qxd4+ {[%clk 0:05:21]} 30. Rxd4 {[%clk 0:10:34]} Bxc6
{[%clk 0:05:41]} 0-1

[Event "Portugal Open 2018"]
[Site "Lisboa POR"]
[Date "2018.02.06"]
[Round "5.13"]
[White "Sevian, Samuel"]
[Black "Alshameary Puente, Ismael"]
[Result "1-0"]
[BlackElo "2339"]
[WhiteElo "2617"]
[LiveChessVersion "1.4.8"]

1. e4 {[%clk 1:29:09]} c5 {[%clk 1:30:50]} 2. Nf3 {[%clk 1:29:34]} d6
{[%clk 1:31:14]} 3. d4 {[%clk 1:30:01]} cxd4 {[%clk 1:31:39]} 4. Nxd4
{[%clk 1:30:27]} Nf6 {[%clk 1:31:59]} 5. Nc3 {[%clk 1:30:54]} a6 {[%clk 1:32:16]}
6. h3 {[%clk 1:31:20]} e5 {[%clk 1:32:14]} 7. Nde2 {[%clk 1:31:46]} h5
{[%clk 1:32:29]} 8. g3 {[%clk 1:32:09]} Be6 {[%clk 1:32:06]} 9. Bg2
{[%clk 1:32:34]} Nbd7 {[%clk 1:31:32]} 10. a4 {[%clk 1:32:51]} Be7
{[%clk 1:31:33]} 11. O-O {[%clk 1:32:47]} Rc8 {[%clk 1:30:21]} 12. b3
{[%clk 1:33:13]} h4 {[%clk 1:22:42]} 13. g4 {[%clk 1:32:49]} O-O {[%clk 1:15:38]}
14. Be3 {[%clk 1:21:35]} Qa5 {[%clk 1:05:25]} 15. Bg5 {[%clk 1:12:31]} Bd8
{[%clk 1:00:16]} 16. Bd2 {[%clk 0:51:07]} Qc5 {[%clk 0:58:45]} 17. Rc1
{[%clk 0:39:48]} b5 {[%clk 0:56:25]} 18. Be3 {[%clk 0:39:08]} Qc6
{[%clk 0:56:17]} 19. axb5 {[%clk 0:39:03]} axb5 {[%clk 0:56:41]} 20. Nd5
{[%clk 0:39:30]} Bxd5 {[%clk 0:43:26]} 21. exd5 {[%clk 0:39:52]} Qb7
{[%clk 0:43:50]} 22. Kh1 {[%clk 0:34:46]} Re8 {[%clk 0:41:59]} 23. Ra1
{[%clk 0:30:32]} Ra8 {[%clk 0:28:24]} 24. Rxa8 {[%clk 0:29:37]} Qxa8
{[%clk 0:28:48]} 25. g5 {[%clk 0:29:32]} Nh7 {[%clk 0:27:18]} 26. g6
{[%clk 0:18:29]} fxg6 {[%clk 0:19:55]} 27. Nc3 {[%clk 0:18:09]} Qb8
{[%clk 0:16:38]} 28. Qd3 {[%clk 0:16:52]} b4 {[%clk 0:16:27]} 29. Qxg6
{[%clk 0:16:11]} Ndf6 {[%clk 0:15:56]} 30. Ne4 {[%clk 0:15:58]} Nf8
{[%clk 0:15:42]} 31. Qf5 {[%clk 0:14:15]} Nxe4 {[%clk 0:14:15]} 32. Bxe4
{[%clk 0:14:29]} Bf6 {[%clk 0:14:41]} 33. Rg1 {[%clk 0:13:20]} Qc8
{[%clk 0:11:05]} 34. Rg4 {[%clk 0:13:30]} Kf7 {[%clk 0:07:47]} 35. Qxc8
{[%clk 0:09:29]} Rxc8 {[%clk 0:08:12]} 36. Bf5 {[%clk 0:09:53]} Rb8
{[%clk 0:08:33]} 37. Bd2 {[%clk 0:10:17]} Ke7 {[%clk 0:04:19]} 38. Rxb4
{[%clk 0:09:29]} Rxb4 {[%clk 0:04:39]} 39. Bxb4 {[%clk 0:09:55]} g6
{[%clk 0:05:04]} 40. Be4 {[%clk 0:10:04]} Kd7 {[%clk 0:04:58]} 41. Kg2
{[%clk 0:10:18]} Bd8 {[%clk 0:04:27]} 42. Kf3 {[%clk 0:10:26]} Bb6
{[%clk 0:04:42]} 43. Bd2 {[%clk 0:10:03]} Bd8 {[%clk 0:04:26]} 44. c4
{[%clk 0:09:44]} 1-0

[Event "Portugal Open 2018"]
[Site "Lisboa POR"]
[Date "2018.02.06"]
[Round "5.14"]
[White "Perez Ponsa, Federico"]
[Black "Boricsev, Oleg"]
[Result "1/2-1/2"]
[BlackElo "2328"]
[WhiteElo "2553"]
[LiveChessVersion "1.4.8"]

1. d4 {[%clk 1:30:57]} d5 {[%clk 1:26:10]} 2. c4 {[%clk 1:31:20]} e6
{[%clk 1:26:36]} 3. Nf3 {[%clk 1:31:46]} c5 {[%clk 1:26:42]} 4. cxd5
{[%clk 1:32:05]} exd5 {[%clk 1:27:07]} 5. g3 {[%clk 1:32:31]} Nc6
{[%clk 1:27:34]} 6. Bg2 {[%clk 1:32:57]} Nf6 {[%clk 1:27:43]} 7. O-O
{[%clk 1:33:16]} Be7 {[%clk 1:27:41]} 8. Nc3 {[%clk 1:33:27]} O-O
{[%clk 1:27:44]} 9. dxc5 {[%clk 1:33:47]} Bxc5 {[%clk 1:27:38]} 10. Na4
{[%clk 1:34:07]} Be7 {[%clk 1:27:37]} 11. Be3 {[%clk 1:34:26]} Bg4
{[%clk 1:26:45]} 12. Rc1 {[%clk 1:33:44]} Re8 {[%clk 1:22:05]} 13. h3
{[%clk 1:33:42]} Bh5 {[%clk 1:17:32]} 14. Nc5 {[%clk 1:32:19]} Bxc5
{[%clk 1:13:58]} 15. Bxc5 {[%clk 1:32:29]} Ne4 {[%clk 1:12:58]} 16. Bd4
{[%clk 1:22:06]} Qa5 {[%clk 1:05:27]} 17. a3 {[%clk 1:14:46]} Rad8
{[%clk 0:58:37]} 18. g4 {[%clk 1:08:17]} Bg6 {[%clk 0:58:14]} 19. e3
{[%clk 1:07:25]} h6 {[%clk 0:53:15]} 20. Qe2 {[%clk 1:02:39]} Qa4
{[%clk 0:49:55]} 21. Rfd1 {[%clk 1:00:37]} Ng5 {[%clk 0:43:58]} 22. Bf1
{[%clk 0:47:50]} Nxf3+ {[%clk 0:29:44]} 23. Qxf3 {[%clk 0:48:16]} Qb3
{[%clk 0:28:37]} 24. Qf4 {[%clk 0:42:35]} Re4 {[%clk 0:25:29]} 25. Qc7
{[%clk 0:42:37]} Re7 {[%clk 0:25:11]} 26. Qf4 {[%clk 0:42:43]} Re4
{[%clk 0:25:24]} 27. Qc7 {[%clk 0:42:49]} 1/2-1/2

[Event "Portugal Open 2018"]
[Site "Lisboa POR"]
[Date "2018.02.06"]
[Round "5.15"]
[White "Kerigan, Demre"]
[Black "Nevednichy, Vladislav"]
[Result "1-0"]
[BlackElo "2551"]
[WhiteElo "2350"]
[LiveChessVersion "1.4.8"]

1. e4 {[%clk 1:25:45]} c5 {[%clk 1:30:53]} 2. Nf3 {[%clk 1:25:57]} Nc6
{[%clk 1:31:18]} 3. Bb5 {[%clk 1:26:05]} e6 {[%clk 1:31:43]} 4. O-O
{[%clk 1:26:03]} Nge7 {[%clk 1:32:08]} 5. d4 {[%clk 1:26:04]} cxd4
{[%clk 1:32:31]} 6. Nxd4 {[%clk 1:26:26]} Qb6 {[%clk 1:32:28]} 7. Nxc6
{[%clk 1:26:33]} bxc6 {[%clk 1:32:15]} 8. Bd3 {[%clk 1:25:27]} Ng6
{[%clk 1:32:40]} 9. c4 {[%clk 1:24:01]} Bc5 {[%clk 1:27:15]} 10. Nd2
{[%clk 1:16:22]} e5 {[%clk 1:17:52]} 11. Nb3 {[%clk 1:14:51]} Be7
{[%clk 1:18:19]} 12. Be3 {[%clk 1:15:03]} c5 {[%clk 1:18:44]} 13. Re1
{[%clk 1:09:28]} O-O {[%clk 1:18:08]} 14. Rb1 {[%clk 1:05:10]} d6
{[%clk 1:17:50]} 15. Nc1 {[%clk 1:05:01]} Qd8 {[%clk 1:17:43]} 16. Ne2
{[%clk 1:00:26]} Bg5 {[%clk 1:16:59]} 17. Nc3 {[%clk 1:00:25]} Bxe3
{[%clk 1:17:07]} 18. Rxe3 {[%clk 0:52:46]} Nf4 {[%clk 1:16:49]} 19. Be2
{[%clk 0:50:30]} g6 {[%clk 0:58:16]} 20. b4 {[%clk 0:22:57]} cxb4
{[%clk 0:57:59]} 21. Rxb4 {[%clk 0:19:37]} a6 {[%clk 0:54:25]} 22. Rb2
{[%clk 0:13:53]} Be6 {[%clk 0:49:21]} 23. Bf1 {[%clk 0:12:57]} Rc8
{[%clk 0:35:55]} 24. Qa4 {[%clk 0:10:23]} a5 {[%clk 0:26:30]} 25. Rd2
{[%clk 0:09:49]} Rc5 {[%clk 0:25:06]} 26. Nb5 {[%clk 0:08:23]} Bd7
{[%clk 0:17:18]} 27. Qa3 {[%clk 0:08:10]} Bxb5 {[%clk 0:17:19]} 28. Qxc5
{[%clk 0:08:26]} dxc5 {[%clk 0:17:44]} 29. Rxd8 {[%clk 0:08:51]} Rxd8
{[%clk 0:18:09]} 30. cxb5 {[%clk 0:09:15]} a4 {[%clk 0:17:14]} 31. g3
{[%clk 0:08:51]} Ne6 {[%clk 0:17:36]} 32. Rc3 {[%clk 0:07:56]} Kg7
{[%clk 0:08:13]} 33. Rc4 {[%clk 0:06:28]} Ra8 {[%clk 0:07:56]} 34. Bh3
{[%clk 0:06:34]} Ng5 {[%clk 0:05:21]} 35. Bd7 {[%clk 0:06:32]} Nf3+
{[%clk 0:05:02]} 36. Kg2 {[%clk 0:05:15]} Nd2 {[%clk 0:05:27]} 37. Rc2
{[%clk 0:05:06]} Nxe4 {[%clk 0:03:21]} 38. Bc6 {[%clk 0:05:30]} Rb8
{[%clk 0:03:47]} 39. Bxe4 {[%clk 0:05:51]} Rxb5 {[%clk 0:04:16]} 40. Bc6
{[%clk 0:05:59]} Ra5 {[%clk 0:04:44]} 41. a3 {[%clk 0:06:13]} f5 {[%clk 0:04:51]}
42. Rc4 {[%clk 0:06:36]} Ra7 {[%clk 0:05:07]} 43. Rxc5 {[%clk 0:06:26]} Rc7
{[%clk 0:05:00]} 44. Rc4 {[%clk 0:06:50]} e4 {[%clk 0:05:21]} 45. Bb5
{[%clk 0:07:09]} Rb7 {[%clk 0:05:45]} 46. Rb4 {[%clk 0:07:09]} h5
{[%clk 0:05:21]} 47. h4 {[%clk 0:06:39]} g5 {[%clk 0:05:31]} 48. hxg5
{[%clk 0:06:53]} Rc7 {[%clk 0:05:51]} 49. Bxa4 {[%clk 0:06:51]} Ra7
{[%clk 0:04:11]} 50. Kh3 {[%clk 0:06:04]} 1-0

[Event "Portugal Open 2018"]
[Site "Lisboa POR"]
[Date "2018.02.06"]
[Round "5.16"]
[White "Sanal, Vahap"]
[Black "Haria, Ravi"]
[Result "1/2-1/2"]
[BlackElo "2376"]
[WhiteElo "2551"]
[LiveChessVersion "1.4.8"]

1. Nf3 {[%clk 1:29:04]} Nf6 {[%clk 1:30:10]} 2. g3 {[%clk 1:29:22]} d5
{[%clk 1:30:26]} 3. Bg2 {[%clk 1:28:47]} e6 {[%clk 1:30:41]} 4. c4
{[%clk 1:28:41]} Be7 {[%clk 1:30:28]} 5. b3 {[%clk 1:28:49]} O-O {[%clk 1:30:43]}
6. Bb2 {[%clk 1:29:13]} b6 {[%clk 1:31:03]} 7. O-O {[%clk 1:29:35]} Bb7
{[%clk 1:31:30]} 8. e3 {[%clk 1:28:59]} c5 {[%clk 1:31:26]} 9. Nc3
{[%clk 1:29:18]} Qc8 {[%clk 1:31:43]} 10. Qe2 {[%clk 1:27:36]} Rd8
{[%clk 1:32:04]} 11. d3 {[%clk 1:27:50]} Nc6 {[%clk 1:28:04]} 12. Rad1
{[%clk 1:21:51]} d4 {[%clk 1:26:50]} 13. exd4 {[%clk 1:21:46]} Nxd4
{[%clk 1:27:06]} 14. Nxd4 {[%clk 1:22:08]} cxd4 {[%clk 1:26:23]} 15. Ne4
{[%clk 1:12:37]} Nxe4 {[%clk 1:25:34]} 16. dxe4 {[%clk 1:12:09]} e5
{[%clk 1:23:48]} 17. f4 {[%clk 1:12:06]} Bf6 {[%clk 1:13:04]} 18. fxe5
{[%clk 1:00:51]} Bxe5 {[%clk 1:12:19]} 19. Qf2 {[%clk 1:01:02]} f6
{[%clk 1:04:03]} 20. Bxd4 {[%clk 0:59:38]} Qd7 {[%clk 0:50:44]} 21. Bxe5
{[%clk 0:55:55]} Qxd1 {[%clk 0:50:27]} 22. Bc7 {[%clk 0:42:25]} Qd4
{[%clk 0:48:19]} 23. Bxd8 {[%clk 0:42:37]} Rxd8 {[%clk 0:48:37]} 24. Qxd4
{[%clk 0:31:59]} Rxd4 {[%clk 0:48:48]} 25. e5 {[%clk 0:30:18]} Bxg2
{[%clk 0:48:26]} 26. Kxg2 {[%clk 0:30:42]} fxe5 {[%clk 0:47:54]} 27. Rf2
{[%clk 0:30:04]} Rd6 {[%clk 0:26:54]} 28. Kf3 {[%clk 0:24:02]} Kf7
{[%clk 0:23:46]} 29. Ke3+ {[%clk 0:23:01]} Ke7 {[%clk 0:21:46]} 30. Rd2
{[%clk 0:21:54]} Rf6 {[%clk 0:20:11]} 31. Rd1 {[%clk 0:15:11]} Rh6
{[%clk 0:19:58]} 32. Rd2 {[%clk 0:14:52]} Rf6 {[%clk 0:20:23]} 33. Rf2
{[%clk 0:09:09]} Rd6 {[%clk 0:20:31]} 34. Rc2 {[%clk 0:09:25]} Rf6
{[%clk 0:12:02]} 35. Ke4 {[%clk 0:05:00]} Kd6 {[%clk 0:12:12]} 36. b4
{[%clk 0:05:12]} Rf1 {[%clk 0:06:35]} 37. c5+ {[%clk 0:05:30]} bxc5
{[%clk 0:06:58]} 38. bxc5+ {[%clk 0:00:48]} Ke6 {[%clk 0:07:23]} 39. c6
{[%clk 0:01:03]} Re1+ {[%clk 0:07:20]} 40. Kf3 {[%clk 0:01:25]} Rf1+
{[%clk 0:07:46]} 41. Ke4 {[%clk 0:01:54]} Re1+ {[%clk 0:08:10]} 42. Kf3
{[%clk 0:01:20]} Rf1+ {[%clk 0:08:35]} 43. Ke3 {[%clk 0:01:47]} Rf8
{[%clk 0:08:54]} 44. Ke4 {[%clk 0:00:41]} Rc8 {[%clk 0:07:03]} 45. h4
{[%clk 0:00:58]} Rc7 {[%clk 0:06:59]} 46. h5 {[%clk 0:00:49]} Kd6
{[%clk 0:05:31]} 47. g4 {[%clk 0:01:11]} Ke6 {[%clk 0:04:59]} 48. Rc1
{[%clk 0:01:22]} Kd6 {[%clk 0:04:56]} 49. Rc3 {[%clk 0:00:48]} Ke6
{[%clk 0:05:15]} 50. Rc2 {[%clk 0:00:37]} Kd6 {[%clk 0:05:26]} 51. Rc3
{[%clk 0:00:44]} Ke6 {[%clk 0:05:43]} 52. h6 {[%clk 0:00:36]} g6 {[%clk 0:04:49]}
53. Rc1 {[%clk 0:00:51]} Kd6 {[%clk 0:05:10]} 54. Rd1+ {[%clk 0:01:08]} Ke6
{[%clk 0:04:39]} 55. Rc1 {[%clk 0:01:37]} Kd6 {[%clk 0:05:02]} 56. Rc4
{[%clk 0:01:48]} Ke6 {[%clk 0:05:09]} 57. Rc3 {[%clk 0:02:13]} Kd6
{[%clk 0:05:36]} 58. Rc1 {[%clk 0:00:36]} Ke6 {[%clk 0:06:00]} 59. Rc5
{[%clk 0:00:49]} Kd6 {[%clk 0:06:16]} 60. Rd5+ {[%clk 0:00:53]} Kxc6
{[%clk 0:06:39]} 61. Kxe5 {[%clk 0:00:59]} Re7+ {[%clk 0:03:55]} 62. Kf6
{[%clk 0:01:13]} Kxd5 {[%clk 0:02:35]} 63. Kxe7 {[%clk 0:01:41]} Ke5
{[%clk 0:02:30]} 64. a4 {[%clk 0:00:45]} a5 {[%clk 0:02:56]} 65. Kf7
{[%clk 0:00:34]} g5 {[%clk 0:03:14]} 66. Kg7 {[%clk 0:00:32]} Ke6
{[%clk 0:03:39]} 67. Kg8 {[%clk 0:00:32]} Kf6 {[%clk 0:03:55]} 68. Kf8
{[%clk 0:00:49]} Kg6 {[%clk 0:03:55]} 69. Ke7 {[%clk 0:01:16]} Kxh6
{[%clk 0:04:19]} 70. Kf7 1/2-1/2

[Event "Portugal Open 2018"]
[Site "Lisboa POR"]
[Date "2018.02.06"]
[Round "5.17"]
[White "Spraggett, Kevin Barry"]
[Black "Borsos, Bogdan"]
[Result "1-0"]
[BlackElo "2301"]
[WhiteElo "2535"]
[LiveChessVersion "1.4.8"]

1. c4 {[%clk 1:30:29]} b6 {[%clk 1:27:26]} 2. d4 {[%clk 1:30:33]} e6
{[%clk 1:27:40]} 3. a3 {[%clk 1:30:07]} g6 {[%clk 1:25:51]} 4. Nc3
{[%clk 1:30:13]} Bg7 {[%clk 1:26:14]} 5. Nf3 {[%clk 1:30:17]} Ne7
{[%clk 1:25:41]} 6. e4 {[%clk 1:30:34]} d5 {[%clk 1:26:03]} 7. cxd5
{[%clk 1:23:10]} exd5 {[%clk 1:26:26]} 8. exd5 {[%clk 1:23:30]} O-O
{[%clk 1:25:10]} 9. Bc4 {[%clk 1:22:08]} Nd7 {[%clk 1:23:46]} 10. O-O
{[%clk 1:18:24]} Nf6 {[%clk 1:22:02]} 11. Bg5 {[%clk 1:08:04]} h6
{[%clk 1:19:47]} 12. Bxf6 {[%clk 1:08:25]} Bxf6 {[%clk 1:20:12]} 13. Qb3
{[%clk 1:07:57]} Nf5 {[%clk 1:18:14]} 14. Rad1 {[%clk 1:06:33]} a6
{[%clk 1:18:15]} 15. a4 {[%clk 1:05:45]} Nd6 {[%clk 1:13:23]} 16. Ne5
{[%clk 1:04:49]} Bb7 {[%clk 1:13:39]} 17. Rfe1 {[%clk 1:04:00]} Re8
{[%clk 1:13:45]} 18. Bd3 {[%clk 0:56:08]} Bg7 {[%clk 1:08:01]} 19. g3
{[%clk 0:54:53]} Re7 {[%clk 1:07:49]} 20. Re3 {[%clk 0:52:11]} Qf8
{[%clk 1:06:30]} 21. Rde1 {[%clk 0:49:47]} Rae8 {[%clk 1:06:00]} 22. f4
{[%clk 0:46:20]} Bc8 {[%clk 1:05:53]} 23. Qd1 {[%clk 0:40:36]} Nf5
{[%clk 1:04:41]} 24. Bxf5 {[%clk 0:37:52]} Bxf5 {[%clk 1:05:03]} 25. Qd2
{[%clk 0:37:55]} Kh7 {[%clk 1:00:13]} 26. Kg2 {[%clk 0:36:21]} f6
{[%clk 0:55:02]} 27. Nc4 Rxe3 {[%clk 0:46:55]} 28. Nxe3 {[%clk 0:21:13]} Qe7
{[%clk 0:43:52]} 29. Re2 {[%clk 0:19:05]} Be4+ {[%clk 0:31:32]} 30. Kf2
{[%clk 0:19:17]} Qd7 {[%clk 0:30:53]} 31. Nc4 Bf5 {[%clk 0:27:06]} 32. Rxe8
{[%clk 0:19:19]} Qxe8 {[%clk 0:27:31]} 33. Qe2 {[%clk 0:18:45]} Qd8
{[%clk 0:26:01]} 34. Ne3 {[%clk 0:18:35]} Bc8 {[%clk 0:26:25]} 35. f5
{[%clk 0:18:31]} gxf5 {[%clk 0:22:53]} 36. Qc2 {[%clk 0:18:39]} Qd7
{[%clk 0:21:16]} 37. Ne2 {[%clk 0:17:22]} Bf8 {[%clk 0:19:23]} 38. Nf4
{[%clk 0:17:22]} Qf7 {[%clk 0:18:01]} 39. Nxf5 {[%clk 0:17:07]} Kg8
{[%clk 0:18:14]} 40. Qe4 {[%clk 0:16:07]} Bxf5 {[%clk 0:17:17]} 41. Qxf5
{[%clk 0:16:35]} Bd6 {[%clk 0:17:46]} 42. Nh5 {[%clk 0:14:33]} Be7
{[%clk 0:17:55]} 43. Kf3 {[%clk 0:14:23]} b5 {[%clk 0:17:34]} 44. axb5
{[%clk 0:14:38]} axb5 {[%clk 0:17:59]} 45. g4 {[%clk 0:14:40]} Qh7
{[%clk 0:17:50]} 46. Ke4 {[%clk 0:12:52]} Qxf5+ {[%clk 0:17:27]} 47. Kxf5
{[%clk 0:13:11]} Kf7 {[%clk 0:17:52]} 48. h3 {[%clk 0:13:16]} b4 {[%clk 0:18:13]}
49. b3 {[%clk 0:13:39]} Bd8 {[%clk 0:18:17]} 50. d6 {[%clk 0:12:48]} cxd6
{[%clk 0:18:33]} 51. d5 {[%clk 0:13:12]} Be7 {[%clk 0:18:23]} 52. Nf4
{[%clk 0:10:57]} Bd8 {[%clk 0:18:51]} 53. Nd3 {[%clk 0:11:07]} Ba5
{[%clk 0:19:05]} 54. h4 {[%clk 0:11:04]} h5 {[%clk 0:19:29]} 55. gxh5
{[%clk 0:11:24]} Kg7 {[%clk 0:19:54]} 56. h6+ {[%clk 0:09:35]} Kxh6
{[%clk 0:20:18]} 57. Kxf6 {[%clk 0:10:01]} Kh5 {[%clk 0:20:33]} 58. Ke6
{[%clk 0:10:21]} Kxh4 {[%clk 0:20:56]} 59. Kxd6 {[%clk 0:10:48]} 1-0

[Event "Portugal Open 2018"]
[Site "Lisboa POR"]
[Date "2018.02.06"]
[Round "5.18"]
[White "Veiga, Jose Francisco"]
[Black "Warakomski, Tomasz"]
[Result "1/2-1/2"]
[BlackElo "2517"]
[WhiteElo "2320"]
[LiveChessVersion "1.4.8"]

1. e4 {[%clk 1:30:57]} c5 {[%clk 1:30:38]} 2. Nf3 {[%clk 1:31:12]} e6
{[%clk 1:31:02]} 3. d4 {[%clk 1:31:33]} cxd4 {[%clk 1:31:27]} 4. Nxd4
{[%clk 1:31:58]} a6 {[%clk 1:31:53]} 5. Nc3 {[%clk 1:31:52]} b5 {[%clk 1:30:01]}
6. Bd3 {[%clk 1:30:45]} Qb6 {[%clk 1:29:17]} 7. Nb3 {[%clk 1:28:53]} Qc7
{[%clk 1:29:38]} 8. O-O {[%clk 1:27:13]} Bb7 {[%clk 1:30:06]} 9. Qe2
{[%clk 1:20:34]} Nf6 {[%clk 1:25:42]} 10. a4 {[%clk 1:15:30]} b4 {[%clk 1:25:35]}
11. Nb1 {[%clk 1:15:33]} d5 {[%clk 1:13:19]} 12. e5 {[%clk 1:13:05]} Ne4
{[%clk 1:12:26]} 13. N1d2 {[%clk 1:12:15]} Nd7 {[%clk 1:11:13]} 14. f4
{[%clk 1:02:55]} Ndc5 {[%clk 1:10:32]} 15. Nxc5 {[%clk 0:58:11]} Nxc5
{[%clk 0:48:49]} 16. Nb3 {[%clk 0:56:29]} Nxb3 {[%clk 0:41:16]} 17. cxb3
{[%clk 0:56:57]} Bc5+ {[%clk 0:41:38]} 18. Be3 {[%clk 0:56:57]} d4
{[%clk 0:36:38]} 19. Bd2 {[%clk 0:57:03]} O-O {[%clk 0:36:57]} 20. Rac1
{[%clk 0:46:05]} Qe7 {[%clk 0:35:30]} 21. Be1 {[%clk 0:39:54]} Rfc8
{[%clk 0:30:15]} 22. Qg4 {[%clk 0:38:56]} g6 {[%clk 0:27:50]} 23. Bh4
{[%clk 0:37:16]} Qf8 {[%clk 0:28:14]} 24. f5 {[%clk 0:35:21]} exf5
{[%clk 0:28:38]} 25. Bxf5 {[%clk 0:35:25]} h5 {[%clk 0:17:59]} 26. Qg5
{[%clk 0:29:45]} d3+ {[%clk 0:17:19]} 27. Kh1 {[%clk 0:29:45]} Be7
{[%clk 0:17:09]} 28. Qxe7 {[%clk 0:24:41]} Qxe7 {[%clk 0:17:26]} 29. Bxe7
{[%clk 0:24:48]} gxf5 {[%clk 0:17:51]} 30. Rc4 {[%clk 0:01:21]} Bd5
{[%clk 0:17:46]} 31. Rd4 {[%clk 0:01:50]} Be4 {[%clk 0:18:09]} 32. Rc4
{[%clk 0:02:13]} Re8 {[%clk 0:07:37]} 33. Bd6 {[%clk 0:00:57]} a5
{[%clk 0:08:02]} 34. Kg1 {[%clk 0:00:57]} Re6 {[%clk 0:08:26]} 35. Bc7
{[%clk 0:00:56]} Kh7 {[%clk 0:06:12]} 36. Kf2 {[%clk 0:01:04]} Rg8
{[%clk 0:02:55]} 37. g3 {[%clk 0:01:28]} h4 {[%clk 0:03:22]} 38. Bxa5
{[%clk 0:01:24]} hxg3+ {[%clk 0:03:42]} 39. hxg3 {[%clk 0:01:54]} Rh6
{[%clk 0:04:05]} 40. Bxb4 {[%clk 0:00:58]} Rh2+ {[%clk 0:04:30]} 41. Ke3
{[%clk 0:01:21]} Rxg3+ {[%clk 0:04:42]} 42. Kd4 {[%clk 0:01:35]} Rxb2
{[%clk 0:02:00]} 43. Rc3 {[%clk 0:01:01]} Rg4 {[%clk 0:02:16]} 44. Kc5
{[%clk 0:01:13]} Rg8 {[%clk 0:02:08]} 45. Ba3 {[%clk 0:00:54]} Ra2
{[%clk 0:02:29]} 46. Bb4 {[%clk 0:00:39]} Rd8 {[%clk 0:02:54]} 47. Rg1
{[%clk 0:00:52]} Rd5+ {[%clk 0:02:19]} 48. Kc4 {[%clk 0:01:12]} Rxe5
{[%clk 0:02:41]} 49. Kd4 {[%clk 0:01:01]} Rd5+ {[%clk 0:02:51]} 50. Ke3
{[%clk 0:01:04]} Re2+ {[%clk 0:03:07]} 51. Kf4 {[%clk 0:01:33]} Rf2+
{[%clk 0:02:53]} 52. Ke3 {[%clk 0:02:01]} Rh2 {[%clk 0:02:31]} 53. Rc7
{[%clk 0:01:41]} Rh3+ {[%clk 0:02:06]} 54. Kd2 {[%clk 0:02:32]} Rh2+
{[%clk 0:02:24]} 55. Ke3 {[%clk 0:02:47]} Rh3+ {[%clk 0:01:01]} 56. Kd2
{[%clk 0:02:14]} Rh2+ {[%clk 0:01:28]} 57. Ke3 {[%clk 0:02:35]} 1/2-1/2